Music Quiz

Random Music or Artist Quiz

Click the Sigur Rós Album Covers Quiz Stats

 Plays Quiz not verified by Sporcle

Score 0/7 Timer 01:30
0 Plays Today
% Correct
Ágætis byrjun
89.3%
( )
80.3%
Með suð í eyrum við spilum endalaust
79.5%
Von
77%
Takk...
70.5%
Kveikur
69.7%
Valtari
59%

You're not logged in!

Compare scores with friends on all Sporcle quizzes.
Join for Free
OR
Log In

You Might Also Like...

Show Comments

Extras

Top Quizzes Today


Score Distribution

Your Account Isn't Verified!

In order to create a playlist on Sporcle, you need to verify the email address you used during registration. Go to your Sporcle Settings to finish the process.

Report this User

Report this user for behavior that violates our Community Guidelines.

Details: